000 00496cam a22001934a 4500
005 20250605164152.0
008 250528s ||||||||||||||||||||||||d
035 _a19406
020 _a9602861274
040 _aGR-AtMCL
_bgre
_dGR-AtMCL
_eAACR2
245 1 _aΣΥΜΠΕΡΙΦΟΡΑ ΤΟΥ ΚΑΤΑΝΑΛΩΤΗ
250 _a2
260 _bΈλλην,
_c2001
300 _a165
700 1 _aΕξαδακτυλος Νικος
_95648
942 _cBK
999 _c4662
_d4662